000 00605nam a22002177a 4500
003 UA-OsUOA
001 86741
007 ta
008 20120910b un ||||| |||| 00| 0 ukr d
090 _a94(497.2)
_bЗ-11
942 _cBK
040 _aUA-OsUOA
_bbul
_cUA-OsUOA
_dUA-OsUOA
245 _aЗа октом врийската революция
_cСост. Гетман В. С.
300 _a344 с.
955 _a5
041 _abul
080 _a94(497.2)
260 _aМ.
_bПолитиздат
_c1967
650 7 _a9 Географія. Біографії. Історія
_2UDC
999 _c372900
_d372900